Prepočet súčtového náboja čiastkových výbojov na strednú hodnotu prúdu

Salvato in:
Dettagli Bibliografici
Autore principale: Matula, Martin (Autore)
Altri autori: Zlatovský, Ján (Relatore della tesi)
Natura: Manoscritto Libro
Lingua:slovacco
Pubblicazione: Bratislava : STU v Bratislave FEI, 2003
Soggetti:
Tags: Aggiungi Tag
Nessun Tag, puoi essere il primo ad aggiungerne!!

MARC

LEADER 00000ntm a22000003a 4500
001 stu81094
005 20160719164738.7
008 030620s2003------------------------slo-d
040 |a STU  |b slo 
041 0 |a slo 
100 1 |a Matula, Martin  |4 aut 
245 1 |a Prepočet súčtového náboja čiastkových výbojov na strednú hodnotu prúdu 
260 |a Bratislava :  |b STU v Bratislave FEI,  |c 2003 
300 |a 60 s 
650 7 |a Elektroenergetické a silnoprúdové inžinierstvo  |2 stusub 
700 1 |a Zlatovský, Ján  |4 ths  |u E130  |U FEI Fakulta elektrotechniky a informatiky  |T FEI Katedra elektroenergetiky  |U E130  |Y 59